[Event "MPJ C16"]
[Site "?"]
[Date "2016.03.20"]
[Round "9.10"]
[White "Zaleski, Lukasz"]
[Black "Sulkowski, Andrzej"]
[Result "1-0"]
[LiveChessVersion "1.4.8"]
[BlackElo "1772"]
[WhiteElo "2118"]

1. e4 {[%clk 1:30:57]} e6 {[%clk 1:30:47]} 2. d4 {[%clk 1:31:22]} d5
{[%clk 1:31:03]} 3. Nc3 {[%clk 1:31:47]} Nf6 {[%clk 1:30:52]} 4. Bg5
{[%clk 1:32:11]} Be7 {[%clk 1:31:10]} 5. e5 {[%clk 1:32:29]} Nfd7
{[%clk 1:31:29]} 6. Bxe7 {[%clk 1:32:54]} Qxe7 {[%clk 1:31:48]} 7. f4
{[%clk 1:33:18]} a6 {[%clk 1:32:07]} 8. Nf3 {[%clk 1:33:40]} c5 {[%clk 1:32:20]}
9. dxc5 {[%clk 1:32:19]} Qxc5 {[%clk 1:31:02]} 10. Qd2 {[%clk 1:27:29]} Nc6
{[%clk 1:30:27]} 11. Bd3 {[%clk 1:27:01]} b5 {[%clk 1:30:01]} 12. O-O-O
{[%clk 1:23:25]} Bb7 {[%clk 1:28:57]} 13. Ne2 {[%clk 1:21:59]} O-O-O
{[%clk 1:27:18]} 14. Ng5 {[%clk 1:19:50]} Qe7 {[%clk 1:25:45]} 15. Qe3
{[%clk 1:18:37]} h6 {[%clk 1:25:10]} 16. Nf3 {[%clk 1:18:52]} Qc5
{[%clk 1:25:18]} 17. Ned4 {[%clk 1:13:21]} Nb6 {[%clk 1:21:32]} 18. Qg1
{[%clk 1:06:46]} Nc4 {[%clk 1:17:52]} 19. Nxc6 {[%clk 1:03:21]} Qxc6
{[%clk 1:12:51]} 20. Qd4 {[%clk 1:01:24]} Rd7 {[%clk 1:09:13]} 21. f5
{[%clk 0:59:24]} Rhd8 {[%clk 1:07:17]} 22. Rhe1 {[%clk 0:58:21]} Kb8
{[%clk 1:04:55]} 23. Qg4 {[%clk 0:56:33]} exf5 {[%clk 0:51:56]} 24. Bxf5
{[%clk 0:53:54]} Rc7 {[%clk 0:51:27]} 25. Qxg7 {[%clk 0:46:31]} Qc5
{[%clk 0:44:00]} 26. Qf6 {[%clk 0:36:59]} Rg8 {[%clk 0:41:09]} 27. Re2
{[%clk 0:36:29]} Qb4 {[%clk 0:32:07]} 28. c3 {[%clk 0:35:10]} Qa4
{[%clk 0:29:44]} 29. b3 {[%clk 0:33:01]} Qa3+ {[%clk 0:29:18]} 30. Kb1
{[%clk 0:33:22]} Rc6 {[%clk 0:16:17]} 31. Qh4 {[%clk 0:26:26]} Nb6
{[%clk 0:15:45]} 32. Qb4 {[%clk 0:26:11]} Qxb4 {[%clk 0:16:11]} 33. cxb4
{[%clk 0:26:36]} Bc8 {[%clk 0:15:23]} 34. g4 {[%clk 0:25:35]} h5 {[%clk 0:13:44]}
35. Nd4 {[%clk 0:24:09]} Rh6 {[%clk 0:13:31]} 36. Bxc8 {[%clk 0:22:50]} Nxc8
{[%clk 0:12:45]} 37. Nf5 {[%clk 0:22:05]} Re6 {[%clk 0:12:22]} 38. gxh5
{[%clk 0:21:40]} Rg5 {[%clk 0:12:51]} 39. Nd4 {[%clk 0:22:02]} Rh6
{[%clk 0:12:30]} 40. Rf1 {[%clk 0:49:47]} Rg4 {[%clk 0:40:55]} 41. Rd2
{[%clk 0:49:12]} Rxh5 {[%clk 0:34:30]} 42. Nc6+ {[%clk 0:45:20]} Kc7
{[%clk 0:29:49]} 43. Rc2 {[%clk 0:45:05]} Kb6 {[%clk 0:29:22]} 44. Nd8
{[%clk 0:42:17]} Ne7 {[%clk 0:29:08]} 45. Rf6+ {[%clk 0:41:31]} Ka7
{[%clk 0:29:07]} 46. Rxf7 {[%clk 0:41:04]} 1-0

[Event "MPJ C16"]
[Site "?"]
[Date "2016.03.20"]
[Round "9.11"]
[White "Wyczling, Bartosz"]
[Black "Kubiak, Jakub"]
[Result "1/2-1/2"]
[LiveChessVersion "1.4.8"]
[BlackElo "1911"]
[WhiteElo "1959"]

1. d4 {[%clk 1:30:58]} Nf6 {[%clk 1:30:39]} 2. c4 {[%clk 1:31:16]} g6
{[%clk 1:31:00]} 3. Nc3 {[%clk 1:31:40]} Bg7 {[%clk 1:31:08]} 4. e4
{[%clk 1:32:03]} O-O {[%clk 1:31:23]} 5. Nge2 {[%clk 1:31:51]} c6
{[%clk 1:26:12]} 6. Ng3 {[%clk 1:31:11]} d5 {[%clk 1:25:25]} 7. e5
{[%clk 1:28:02]} Nfd7 {[%clk 1:25:41]} 8. Be3 {[%clk 1:24:31]} dxc4
{[%clk 1:22:00]} 9. Bxc4 {[%clk 1:22:40]} Nb6 {[%clk 1:21:50]} 10. Bb3
{[%clk 1:21:54]} Nd5 {[%clk 1:18:30]} 11. Bxd5 {[%clk 1:16:50]} cxd5
{[%clk 1:17:10]} 12. Qb3 {[%clk 1:17:08]} Nc6 {[%clk 1:09:35]} 13. h4
{[%clk 1:07:36]} b6 {[%clk 0:56:21]} 14. Nge2 {[%clk 0:58:25]} Na5
{[%clk 0:51:37]} 15. Qxd5 {[%clk 0:49:33]} Bb7 {[%clk 0:50:26]} 16. Qxd8
{[%clk 0:49:38]} Rfxd8 {[%clk 0:50:17]} 17. O-O {[%clk 0:48:38]} Rac8
{[%clk 0:46:53]} 18. b3 {[%clk 0:44:25]} Nc6 {[%clk 0:43:46]} 19. Rac1
{[%clk 0:41:57]} Nb4 {[%clk 0:36:32]} 20. Rfd1 {[%clk 0:38:37]} Ba6
{[%clk 0:33:16]} 21. a3 {[%clk 0:23:31]} Nd3 {[%clk 0:25:30]} 22. Rb1
{[%clk 0:22:48]} f6 {[%clk 0:22:32]} 23. b4 {[%clk 0:16:13]} Bc4 {[%clk 0:18:35]}
24. e6 {[%clk 0:10:05]} f5 {[%clk 0:16:35]} 25. Rd2 {[%clk 0:08:58]} f4
{[%clk 0:14:09]} 26. Nxf4 {[%clk 0:08:06]} Nxf4 {[%clk 0:06:06]} 27. Bxf4
{[%clk 0:08:30]} Bxd4 {[%clk 0:06:26]} 28. Rbd1 {[%clk 0:05:33]} Bxe6
{[%clk 0:04:39]} 29. Nb5 {[%clk 0:04:14]} Bg4 {[%clk 0:03:36]} 30. Re1
{[%clk 0:03:02]} Bf6 {[%clk 0:03:23]} 31. Rxd8+ {[%clk 0:01:51]} Rxd8
{[%clk 0:03:52]} 32. Bg5 {[%clk 0:01:40]} Bd7 {[%clk 0:00:52]} 33. Rd1
{[%clk 0:00:42]} Bxg5 {[%clk 0:00:45]} 34. hxg5 {[%clk 0:01:08]} Kf7
{[%clk 0:01:11]} 35. Nxa7 {[%clk 0:00:53]} Ke8 {[%clk 0:01:33]} 36. Rc1
{[%clk 0:00:36]} Ra8 {[%clk 0:00:50]} 37. Nc6 {[%clk 0:01:03]} Rxa3
{[%clk 0:00:48]} 38. Ne5 {[%clk 0:01:18]} Rb3 {[%clk 0:00:36]} 39. Rc7
{[%clk 0:00:53]} Rb1+ {[%clk 0:00:40]} 40. Kh2 {[%clk 0:31:21]} Bf5
{[%clk 0:30:40]} 41. Rb7 {[%clk 0:31:38]} Kf8 {[%clk 0:29:28]} 42. Rxb6
{[%clk 0:30:16]} Rb2 {[%clk 0:29:21]} 43. Kg3 {[%clk 0:30:07]} Rb3+
{[%clk 0:28:29]} 44. f3 {[%clk 0:28:58]} Rb2 {[%clk 0:23:20]} 45. Rb8+
{[%clk 0:28:44]} Kg7 {[%clk 0:23:40]} 46. Rb7 {[%clk 0:28:31]} Kf8
{[%clk 0:23:30]} 47. Nc6 {[%clk 0:27:56]} Re2 {[%clk 0:22:40]} 48. Nd4
{[%clk 0:27:44]} Rb2 {[%clk 0:22:10]} 49. Nxf5 {[%clk 0:25:30]} gxf5
{[%clk 0:22:32]} 50. b5 {[%clk 0:25:11]} Rb4 {[%clk 0:19:17]} 51. Rb6
{[%clk 0:21:49]} Kf7 {[%clk 0:16:02]} 52. Kh3 {[%clk 0:14:50]} Kg7
{[%clk 0:13:15]} 53. g3 {[%clk 0:12:09]} Kf7 {[%clk 0:12:11]} 54. f4
{[%clk 0:07:55]} Kg7 {[%clk 0:09:51]} 55. Re6 {[%clk 0:06:10]} Kf7
{[%clk 0:08:11]} 56. Re5 {[%clk 0:05:08]} e6 {[%clk 0:07:08]} 57. Rc5
{[%clk 0:05:29]} Kg6 {[%clk 0:04:21]} 58. Rc6 {[%clk 0:05:36]} Kf7
{[%clk 0:04:03]} 59. b6 {[%clk 0:04:06]} Rb3 {[%clk 0:03:50]} 60. Rc7+
{[%clk 0:04:18]} Kg6 {[%clk 0:04:00]} 61. b7 {[%clk 0:02:55]} h6 {[%clk 0:03:54]}
62. gxh6 {[%clk 0:02:48]} Kxh6 {[%clk 0:03:44]} 63. Re7 {[%clk 0:03:12]} Kg6
{[%clk 0:03:30]} 64. Rxe6+ {[%clk 0:02:49]} Kf7 {[%clk 0:03:42]} 65. Rh6
{[%clk 0:02:30]} Kg7 {[%clk 0:03:49]} 66. Rc6 {[%clk 0:02:40]} Rxb7
{[%clk 0:03:32]} 67. Kh4 {[%clk 0:02:47]} Rb3 {[%clk 0:03:37]} 68. Rc7+
{[%clk 0:02:52]} Kf6 {[%clk 0:03:15]} 69. Rc6+ {[%clk 0:03:07]} Kg7
{[%clk 0:03:13]} 70. Ra6 {[%clk 0:03:32]} Kf7 {[%clk 0:03:01]} 71. Kg5
{[%clk 0:03:49]} Rxg3+ {[%clk 0:02:36]} 72. Kxf5 {[%clk 0:04:14]} Rb3
{[%clk 0:01:59]} 73. Ra7+ {[%clk 0:04:36]} Kf8 {[%clk 0:01:49]} 74. Kg5
{[%clk 0:04:48]} Rb5+ {[%clk 0:01:39]} 75. f5 {[%clk 0:04:58]} Rb6
{[%clk 0:01:57]} 76. Rh7 {[%clk 0:05:05]} Kg8 {[%clk 0:01:58]} 77. Rd7
{[%clk 0:05:04]} Kf8 {[%clk 0:02:13]} 78. Rd5 {[%clk 0:05:18]} Kf7
{[%clk 0:02:24]} 79. Rd7+ {[%clk 0:05:34]} Kf8 {[%clk 0:02:45]} 80. Ra7
{[%clk 0:04:28]} Kg8 {[%clk 0:02:54]} 81. Ra5 {[%clk 0:04:34]} Kf7
{[%clk 0:03:16]} 82. f6 {[%clk 0:04:59]} Rb1 {[%clk 0:03:33]} 83. Ra7+
{[%clk 0:05:23]} Kf8 1/2-1/2

[Event "MPJ C16"]
[Site "?"]
[Date "2016.03.20"]
[Round "9.12"]
[White "Kus, Aleksander"]
[Black "Tamon, Radoslaw"]
[Result "1-0"]
[LiveChessVersion "1.4.8"]
[BlackElo "1925"]
[WhiteElo "1761"]

1. e4 {[%clk 1:30:58]} e6 {[%clk 1:30:58]} 2. d4 {[%clk 1:31:17]} d5
{[%clk 1:31:25]} 3. Nd2 {[%clk 1:31:37]} Nf6 {[%clk 1:31:45]} 4. e5
{[%clk 1:31:40]} Nfd7 {[%clk 1:32:07]} 5. Bd3 {[%clk 1:31:18]} c5
{[%clk 1:32:33]} 6. c3 {[%clk 1:31:31]} Nc6 {[%clk 1:33:01]} 7. Ne2
{[%clk 1:30:57]} cxd4 {[%clk 1:33:28]} 8. cxd4 {[%clk 1:31:14]} f6
{[%clk 1:33:56]} 9. exf6 {[%clk 1:29:48]} Qxf6 {[%clk 1:34:06]} 10. Nf3
{[%clk 1:29:13]} h6 {[%clk 1:34:31]} 11. O-O {[%clk 1:25:14]} Bd6
{[%clk 1:34:11]} 12. Ng3 {[%clk 1:15:39]} O-O {[%clk 1:34:36]} 13. Bb1
{[%clk 1:07:44]} Rf7 {[%clk 1:30:38]} 14. Nh5 {[%clk 0:52:25]} Qd8
{[%clk 1:30:27]} 15. Qd3 {[%clk 0:47:39]} Nf8 {[%clk 1:30:48]} 16. Re1
{[%clk 0:43:16]} Qc7 {[%clk 1:28:40]} 17. a3 {[%clk 0:36:41]} Bd7
{[%clk 1:23:25]} 18. Bd2 {[%clk 0:31:57]} Re7 {[%clk 1:19:25]} 19. Ba2
{[%clk 0:31:26]} Be8 {[%clk 1:17:40]} 20. Ng3 {[%clk 0:31:25]} Bg6
{[%clk 1:16:08]} 21. Qb3 {[%clk 0:29:25]} Bf7 {[%clk 1:12:21]} 22. Rac1
{[%clk 0:27:16]} Bf4 {[%clk 1:10:15]} 23. Bxf4 {[%clk 0:25:11]} Qxf4
{[%clk 1:09:56]} 24. Qc3 {[%clk 0:25:33]} Nd7 {[%clk 1:03:12]} 25. Qd3
{[%clk 0:20:51]} Rd8 {[%clk 0:58:37]} 26. b4 {[%clk 0:18:58]} a6 {[%clk 0:49:25]}
27. b5 {[%clk 0:16:47]} axb5 {[%clk 0:48:54]} 28. Qxb5 {[%clk 0:16:49]} Nxd4
{[%clk 0:39:25]} 29. Nxd4 {[%clk 0:15:54]} Qxd4 {[%clk 0:39:45]} 30. Nf5
{[%clk 0:15:56]} exf5 {[%clk 0:37:48]} 31. Rxe7 {[%clk 0:16:19]} Ne5
{[%clk 0:38:09]} 32. Qxb7 {[%clk 0:11:00]} Qd2 {[%clk 0:37:13]} 33. Rf1
{[%clk 0:10:06]} Qxa2 {[%clk 0:26:00]} 34. Qc7 {[%clk 0:06:49]} Ra8
{[%clk 0:22:47]} 35. Rxe5 {[%clk 0:06:28]} g6 {[%clk 0:18:57]} 36. Re7
{[%clk 0:05:47]} d4 {[%clk 0:19:04]} 37. Qd6 {[%clk 0:05:20]} Qxa3
{[%clk 0:18:02]} 38. Qf6 {[%clk 0:03:33]} Ra6 {[%clk 0:15:50]} 1-0

[Event "MPJ C16"]
[Site "?"]
[Date "2016.03.20"]
[Round "9.13"]
[White "Lukasiewicz, Krzysztof"]
[Black "Brozyna, Mateusz"]
[Result "1-0"]
[LiveChessVersion "1.4.8"]
[BlackElo "1763"]
[WhiteElo "2114"]

1. e4 {[%clk 1:30:12]} e6 {[%clk 1:30:52]} 2. d4 {[%clk 1:30:38]} d5
{[%clk 1:31:16]} 3. Nd2 {[%clk 1:31:06]} c5 {[%clk 1:31:03]} 4. Ngf3
{[%clk 1:30:36]} cxd4 {[%clk 1:24:44]} 5. exd5 {[%clk 1:30:42]} exd5
{[%clk 1:21:06]} 6. Nxd4 {[%clk 1:27:44]} Nf6 {[%clk 1:21:03]} 7. Bd3
{[%clk 1:25:36]} Nc6 {[%clk 1:18:03]} 8. N2f3 {[%clk 1:24:44]} Bc5
{[%clk 1:16:55]} 9. O-O {[%clk 1:21:57]} Bxd4 {[%clk 1:13:55]} 10. Re1+
{[%clk 1:18:57]} Kf8 {[%clk 1:05:59]} 11. Nxd4 {[%clk 1:18:05]} Nxd4
{[%clk 1:05:58]} 12. b3 {[%clk 1:18:30]} Nc6 {[%clk 1:04:43]} 13. Bb2
{[%clk 1:18:13]} Be6 {[%clk 0:59:04]} 14. Qd2 {[%clk 1:16:31]} h6
{[%clk 0:53:46]} 15. Rad1 {[%clk 1:15:45]} Qc7 {[%clk 0:36:32]} 16. h3
{[%clk 1:10:44]} Rc8 {[%clk 0:26:50]} 17. a4 {[%clk 1:02:27]} a5 {[%clk 0:22:40]}
18. Bb5 {[%clk 0:54:31]} Kg8 {[%clk 0:15:39]} 19. Qe2 {[%clk 0:50:37]} Qf4
{[%clk 0:12:18]} 20. Rd3 {[%clk 0:44:54]} Ne4 {[%clk 0:10:21]} 21. c4
{[%clk 0:40:13]} Nb4 {[%clk 0:07:33]} 22. Rd4 {[%clk 0:35:21]} Qg5
{[%clk 0:06:10]} 23. cxd5 {[%clk 0:30:21]} Bxd5 {[%clk 0:05:14]} 24. Rxd5
{[%clk 0:20:35]} Qxd5 {[%clk 0:05:17]} 25. Bc4 {[%clk 0:17:00]} Qd2
{[%clk 0:03:41]} 26. Qxe4 {[%clk 0:17:24]} Rxc4 {[%clk 0:03:09]} 27. Qe5
{[%clk 0:16:36]} Qg5 {[%clk 0:01:09]} 28. bxc4 {[%clk 0:14:35]} Qxe5
{[%clk 0:01:05]} 29. Rxe5 {[%clk 0:14:47]} Nd3 {[%clk 0:01:32]} 30. Rb5
{[%clk 0:15:12]} Kh7 {[%clk 0:01:26]} 31. Bd4 {[%clk 0:14:38]} Rc8
{[%clk 0:01:34]} 32. c5 {[%clk 0:14:53]} Rd8 {[%clk 0:01:33]} 33. Be3
{[%clk 0:15:07]} f5 {[%clk 0:01:54]} 34. g3 {[%clk 0:14:11]} Rd7 {[%clk 0:01:22]}
35. Rxa5 {[%clk 0:13:52]} g5 {[%clk 0:01:39]} 36. Ra7 {[%clk 0:13:35]} f4
{[%clk 0:01:56]} 37. c6 {[%clk 0:13:52]} fxe3 {[%clk 0:01:56]} 38. fxe3
{[%clk 0:13:12]} Rd8 {[%clk 0:02:10]} 39. Rxb7+ {[%clk 0:13:07]} Kg6
{[%clk 0:02:03]} 40. Rd7 {[%clk 0:43:29]} Rc8 {[%clk 0:32:28]} 41. Rxd3
{[%clk 0:43:47]} Rxc6 {[%clk 0:32:49]} 42. Kg2 {[%clk 0:42:42]} Rc2+
{[%clk 0:32:32]} 43. Kf3 {[%clk 0:43:07]} h5 {[%clk 0:32:45]} 44. Rd6+
{[%clk 0:42:48]} Kf5 {[%clk 0:32:44]} 45. g4+ {[%clk 0:42:38]} Ke5
{[%clk 0:31:19]} 46. Rg6 {[%clk 0:42:15]} hxg4+ {[%clk 0:31:23]} 47. hxg4
{[%clk 0:42:41]} Kd5 48. Ke4+ 1-0

[Event "MPJ C16"]
[Site "?"]
[Date "2016.03.20"]
[Round "9.14"]
[White "Holownia, Michal"]
[Black "Domanski, Lukasz"]
[Result "1/2-1/2"]
[LiveChessVersion "1.4.8"]
[BlackElo "1994"]
[WhiteElo "2006"]

1. e4 {[%clk 1:30:54]} g6 {[%clk 1:30:56]} 2. d4 {[%clk 1:31:13]} Bg7
{[%clk 1:31:20]} 3. f4 {[%clk 1:31:33]} d6 {[%clk 1:31:22]} 4. Nf3
{[%clk 1:31:32]} c5 {[%clk 1:30:18]} 5. c3 {[%clk 1:29:04]} Nf6 {[%clk 1:30:29]}
6. Bd3 {[%clk 1:29:29]} O-O {[%clk 1:30:32]} 7. O-O {[%clk 1:28:03]} cxd4
{[%clk 1:30:36]} 8. cxd4 {[%clk 1:25:32]} Bg4 {[%clk 1:30:36]} 9. Be3
{[%clk 0:42:26]} Nc6 {[%clk 1:29:24]} 10. Nbd2 {[%clk 0:40:29]} e5
{[%clk 1:23:38]} 11. fxe5 {[%clk 0:33:10]} dxe5 {[%clk 1:23:47]} 12. d5
{[%clk 0:33:25]} Nd4 {[%clk 1:23:58]} 13. Qa4 {[%clk 0:29:42]} Bxf3
{[%clk 1:21:25]} 14. Nxf3 {[%clk 0:25:03]} Ng4 {[%clk 1:19:10]} 15. Bxd4
{[%clk 0:22:57]} exd4 {[%clk 1:18:47]} 16. g3 {[%clk 0:12:09]} Ne3
{[%clk 1:11:57]} 17. Rf2 {[%clk 0:12:01]} Qc8 {[%clk 1:10:21]} 18. Re1
{[%clk 0:05:57]} Qh3 {[%clk 1:04:38]} 19. Bf1 {[%clk 0:05:12]} Qg4
{[%clk 1:01:48]} 20. Bd3 {[%clk 0:05:28]} f5 {[%clk 0:58:36]} 21. exf5
{[%clk 0:02:00]} Nxf5 {[%clk 0:57:28]} 22. Re4 {[%clk 0:01:10]} Qh5
{[%clk 0:56:27]} 23. g4 {[%clk 0:00:55]} Qh3 {[%clk 0:54:30]} 24. Bf1
{[%clk 0:00:46]} Qh6 {[%clk 0:53:23]} 25. gxf5 {[%clk 0:01:04]} Rxf5
{[%clk 0:53:37]} 26. Re8+ {[%clk 0:01:27]} Rxe8 {[%clk 0:52:55]} 27. Qxe8+
{[%clk 0:01:53]} Rf8 {[%clk 0:53:14]} 28. Qe6+ {[%clk 0:01:35]} Kh8
{[%clk 0:53:23]} 29. Qe4 {[%clk 0:00:56]} Qe3 {[%clk 0:50:37]} 30. Qg4
{[%clk 0:00:58]} d3 {[%clk 0:48:58]} 31. Qg3 {[%clk 0:00:31]} d2 {[%clk 0:47:55]}
32. Nxd2 {[%clk 0:00:47]} Bd4 {[%clk 0:43:03]} 33. Qxe3 {[%clk 0:01:09]} Bxe3
{[%clk 0:43:06]} 34. Ne4 {[%clk 0:01:28]} Rf5 {[%clk 0:40:49]} 35. Bc4
{[%clk 0:01:00]} Re5 {[%clk 0:38:47]} 36. Kg2 {[%clk 0:00:54]} Rxe4
{[%clk 0:37:49]} 37. Kf3 {[%clk 0:00:35]} Bxf2 {[%clk 0:35:28]} 38. Kxe4
{[%clk 0:01:04]} Kg7 {[%clk 0:34:40]} 39. Ke5 {[%clk 0:00:51]} Kf7
{[%clk 0:33:15]} 40. Kd6 {[%clk 0:30:43]} Ke8 {[%clk 1:03:33]} 41. Kc7
{[%clk 0:30:40]} Bb6+ {[%clk 1:03:12]} 42. Kxb7 {[%clk 0:29:56]} Kd7
{[%clk 1:01:39]} 43. b4 {[%clk 0:29:39]} Kd6 {[%clk 1:01:07]} 44. a4
{[%clk 0:26:57]} g5 {[%clk 1:00:22]} 45. a5 {[%clk 0:22:03]} Bg1 {[%clk 1:00:43]}
46. b5 {[%clk 0:18:54]} h5 {[%clk 1:00:41]} 47. Be2 {[%clk 0:18:20]} g4
{[%clk 1:00:43]} 48. h3 {[%clk 0:17:51]} Kxd5 {[%clk 1:00:35]} 49. hxg4
{[%clk 0:18:16]} hxg4 {[%clk 1:00:51]} 50. Bxg4 {[%clk 0:18:42]} Kd6
{[%clk 1:01:00]} 51. Bf3 {[%clk 0:17:49]} Bf2 {[%clk 1:01:23]} 52. Bg4
{[%clk 0:16:22]} Bg1 {[%clk 1:01:37]} 53. Bf3 {[%clk 0:16:49]} Ke5 1/2-1/2

[Event "MPJ C16"]
[Site "?"]
[Date "2016.03.20"]
[Round "9.15"]
[White "Sernecki, Franciszek"]
[Black "Laszczak, Przemyslaw"]
[Result "1-0"]
[LiveChessVersion "1.4.8"]
[BlackElo "1870"]
[WhiteElo "1884"]

1. e4 c5 2. c3 Nf6 3. e5 Nd5 4. d4 cxd4 5. cxd4 Nc6 6. Nf3 e6 7. Be2 d6 8. O-O
Be7 9. Bd2 O-O 10. Nc3 Nxc3 11. Bxc3 Qb6 12. Rc1 Rd8 13. Qc2 d5 14. Bd3 h6 15.
Qe2 Bd7 16. Bb1 g6 17. h4 h5 18. Rfd1 Kg7 19. Bd2 Rh8 20. Bg5 Bxg5 21. Nxg5 Nxd4
22. Rxd4 Qxd4 23. Qf3 f5 24. Rc7 Qxe5 25. Rxd7+ Kg8 26. Qe3 Qxe3 27. fxe3 Rc8 28.
Bd3 e5 29. Rxb7 e4 30. Bb5 a6 31. Ba4 Kf8 32. Ne6+ 1-0

[Event "MPJ C16"]
[Site "?"]
[Date "2016.03.20"]
[Round "9.16"]
[White "Filewicz, Radoslaw"]
[Black "Dryja, Szymon"]
[Result "1-0"]
[LiveChessVersion "1.4.8"]
[BlackElo "1774"]
[WhiteElo "1739"]

1. Nf3 {[%clk 1:30:58]} Nf6 {[%clk 1:30:54]} 2. d4 {[%clk 1:30:36]} d6
{[%clk 1:29:42]} 3. Bf4 {[%clk 1:28:38]} Bg4 {[%clk 1:29:54]} 4. e3
{[%clk 1:28:35]} Nbd7 {[%clk 1:30:08]} 5. Be2 {[%clk 1:27:46]} e6
{[%clk 1:28:20]} 6. Nbd2 {[%clk 1:25:23]} Be7 {[%clk 1:27:14]} 7. h3
{[%clk 1:23:34]} Bh5 {[%clk 1:27:35]} 8. O-O {[%clk 1:20:50]} O-O
{[%clk 1:27:51]} 9. c3 {[%clk 1:12:51]} c5 {[%clk 1:25:50]} 10. Nc4
{[%clk 1:05:28]} d5 {[%clk 1:23:29]} 11. Nce5 {[%clk 1:03:16]} Ne4
{[%clk 1:23:13]} 12. Nxd7 {[%clk 1:02:23]} Qxd7 {[%clk 1:22:33]} 13. Ne5
{[%clk 0:47:36]} Bxe2 {[%clk 1:22:55]} 14. Qxe2 {[%clk 0:47:52]} Qd8
{[%clk 1:21:55]} 15. Qb5 {[%clk 0:43:24]} Qc8 {[%clk 1:17:20]} 16. Rac1
{[%clk 0:34:39]} a6 {[%clk 1:17:17]} 17. Qe2 {[%clk 0:32:52]} f6 {[%clk 1:16:47]}
18. Nf3 {[%clk 0:32:57]} c4 {[%clk 1:16:02]} 19. Nd2 {[%clk 0:32:19]} Nd6
{[%clk 1:15:45]} 20. e4 {[%clk 0:31:36]} Qd7 {[%clk 1:10:34]} 21. exd5
{[%clk 0:26:03]} exd5 {[%clk 1:10:52]} 22. Rfe1 {[%clk 0:24:12]} Rae8
{[%clk 1:08:56]} 23. Qf3 {[%clk 0:24:04]} Nf7 {[%clk 1:08:23]} 24. h4
{[%clk 0:17:04]} Ng5 {[%clk 0:57:28]} 25. Qg3 {[%clk 0:14:58]} Ne6
{[%clk 0:57:24]} 26. Nf1 {[%clk 0:13:31]} Kh8 {[%clk 0:53:10]} 27. Ne3
{[%clk 0:12:46]} Rg8 {[%clk 0:47:41]} 28. Qf3 {[%clk 0:11:50]} Nxf4
{[%clk 0:47:51]} 29. Qxf4 {[%clk 0:12:16]} g5 {[%clk 0:39:30]} 30. Qf5
{[%clk 0:07:41]} Rd8 {[%clk 0:38:02]} 31. h5 {[%clk 0:07:01]} g4 {[%clk 0:37:06]}
32. Qxd7 {[%clk 0:06:16]} Rxd7 {[%clk 0:37:28]} 33. Nxd5 {[%clk 0:06:29]} Rxd5
{[%clk 0:37:25]} 34. Rxe7 {[%clk 0:06:54]} g3 {[%clk 0:36:50]} 35. f3
{[%clk 0:06:23]} Rxh5 {[%clk 0:37:03]} 36. Rce1 {[%clk 0:06:34]} Rb5
{[%clk 0:36:41]} 37. R1e2 {[%clk 0:06:27]} a5 {[%clk 0:36:20]} 38. Rc7
{[%clk 0:06:25]} a4 {[%clk 0:34:58]} 39. a3 {[%clk 0:06:42]} Rf5 {[%clk 0:35:02]}
40. Ree7 {[%clk 0:35:43]} Rh5 {[%clk 1:05:10]} 41. Rxc4 {[%clk 0:35:21]} b5 42.
Rcc7 {[%clk 0:35:27]} Rd8 {[%clk 1:04:52]} 43. Rg7 {[%clk 0:30:45]} Rg5
{[%clk 1:04:21]} 44. Rxh7+ {[%clk 0:30:53]} Kg8 {[%clk 1:04:45]} 45. Rhe7
{[%clk 0:30:45]} Rh5 {[%clk 1:05:03]} 46. Rg7+ {[%clk 0:30:59]} Kf8
{[%clk 1:05:29]} 47. Rcf7+ {[%clk 0:30:57]} Ke8 {[%clk 1:05:49]} 48. Rxf6
{[%clk 0:31:10]} 1-0